Daňový bonus na zaplatené úroky
Prvýkrát za rok 2018 bude možné uplatňovať daňový bonus na zaplatené úroky. Výška nároku závisí od výšky poskytnutého úveru na bývanie v zmysle par. 1 ods. 6 a 7 zákona č.90/2016 Z.z. o úveroch na bývanie a o zmene a doplnení niektorých zákonov v znení neskorších predpisov. Nárok na daňový bonus na...
Gespeichert in:
| 1. Verfasser: | |
|---|---|
| Format: | Buchkapitel |
| Sprache: | Slowakisch |
| Schlagworte: | |
| Tags: |
Keine Tags, Fügen Sie das erste Tag hinzu!
|
MARC
| LEADER | 00000naa a2200000 4500 | ||
|---|---|---|---|
| 001 | 0252176 | ||
| 005 | 20221007085915.6 | ||
| 041 | 0 | |a slo | |
| 044 | |a SK | ||
| 245 | 1 | 0 | |a Daňový bonus na zaplatené úroky |c Ivana Valterová |
| 520 | |a Prvýkrát za rok 2018 bude možné uplatňovať daňový bonus na zaplatené úroky. Výška nároku závisí od výšky poskytnutého úveru na bývanie v zmysle par. 1 ods. 6 a 7 zákona č.90/2016 Z.z. o úveroch na bývanie a o zmene a doplnení niektorých zákonov v znení neskorších predpisov. Nárok na daňový bonus na zaplatené úroky vzniká počas piatich bezprostredne po sebe nasledujúcich rokov. | ||
| 610 | 2 | 0 | |a zamestnávatelia |
| 610 | 2 | 0 | |a oslobodenie od daní |
| 610 | 2 | 0 | |a úľavy daňové |
| 610 | 2 | 0 | |a dane z príjmov |
| 610 | 2 | 0 | |a zdaňovanie |
| 610 | 2 | 0 | |a úrok |
| 100 | 1 | |a Valterová, Ivana | |